000 00329nam a22001457a 4500
008 221010b ||||| |||| 00| 0 eng d
020 _a0070479496
041 _aeng
080 _a610.73
082 _a610.73 OUS
100 _a6
101 _aINF
245 _aMEDICAL CARE IN THE NURSING HOME
_cOUSLANDER J
942 _2udc
_cBK
999 _c58439
_d58439